National human rights commission and internally displaced people: (Record no. 4855)

MARC details
000 -LEADER
fixed length control field 00497nam a2200145 4500
008 - FIXED-LENGTH DATA ELEMENTS--GENERAL INFORMATION
fixed length control field 240311b |||||||| |||| 00| 0 eng d
082 ## - DEWEY DECIMAL CLASSIFICATION NUMBER
Classification number 341.486
Item number GOM
942 ## - ADDED ENTRY ELEMENTS (KOHA)
Item Type Reports
100 ## - MAIN ENTRY--PERSONAL NAME
Personal Name Gomez, Mario
245 ## - TITLE STATEMENT
Title National human rights commission and internally displaced people:
Sub Title illustrated by Sri Lankan experience
260 ## - PUBLICATION, DISTRIBUTION, ETC. (IMPRINT)
Place of Publication Washington:
Name of Publisher The Brookings-SAIS project on internal displacement,
Date of Copyright [2002]
300 ## - PHYSICAL DESCRIPTION
Extent 36 p.
440 ## - SERIES STATEMENT/ADDED ENTRY--TITLE
Title Occassiobal paper
650 ## - SUBJECT ADDED ENTRY--TOPICAL TERM
Topical Term INTERNAL DISPLACEMENT-Sri Lanka
Holdings
Withdrawn status Lost status Source of classification or shelving scheme Damaged status Not for loan Permanent location Current location Date acquired Total Checkouts Full call number Barcode Date last seen Price effective from Koha item type
    Dewey Decimal Classification     Resource center, Muslim Women's Research And Action Forum Resource center, Muslim Women's Research And Action Forum 2024-03-11   341.486 GOM RAF5195 2024-03-11 2024-03-11 Reports

Copyright © 2023 Muslim Women's Research and Action Forum (MWRAF), No 27/3, Anderson Road, Kalubowila, Dehiwela. Funded by The Asia Fundation